000
00327nam a2200121 a 4500
005
20141022142009.0
008
120229s19uu xx 00 eng d
050
_a
CD-ROM
_b
G18 2006
100
_a
Garguilo, Richard
245
_a
Special education in contemporary society /
_c
Richard Gargiulo.
260
_c
2006.
942
_c
AVM
999
_c
276662
_d
276662